Windiest States - Statistics

General Stats
  • This quiz has been taken 72 times
  • The average score is 6 of 10
Answer Stats
Wind Speed (mph) State % Correct
19.30 Kansas
78%
21.32 South Dakota
78%
18.80 North Dakota
75%
20.16 Colorado
73%
20.88 Wyoming
73%
20.59 Idaho
71%
21.03 Montana
71%
19.31 Missouri
35%
19.74 Maryland
11%
19.32 Virginia
9%
No matching quizzes found
Score Distribution
Percent of People with Each Score
Percentile by Number Answered
Your Score History
You have not taken this quiz